00838nam a2200241 a 450000100060000000300090000600800410001502000150005604000280007108200160009910000310011524500600014626000360020630000080024249000170025059000360026765000500030365000340035365000290038794200120041699900170042895201510044513960CO-ViMGA141112s2004 ck r 000 u spa d a8423977390 aCO-ViMGAbspacCO-ViMGA04a371.5 R6411 aClinton, Hillary R.92037610aEs labor de todos dejemos que los niños nos enseñen aMadrid : bEspasa Calpe, c1996 a329 aEspaña Hoy aForma de adquisición : compra14aCRIANZA DE NIÑOS - ASPECTOS SOCIALES92037714aeducación DE NIÑOS91291514aMANEJO DE NIÑOS920378 2ddccBK c24661d24661 00102ddc40708003aMEVIECARbMEVIECARd2015-12-04hVolumen. 1 | 11/jun/2009l0o371.5 R641 p13960r2015-12-04 00:00:00tEj. 1w2015-12-04yBK